Statistics for Stormlight Archhive - Bridge Four

Click here to take the quiz!

General Stats

  • This quiz has been taken 35 times
  • The average score is 9 of 37

Answer Stats

HintAnswer% Correct
The Tall Alethi man is the captain of bridge four and was promoted to Highmarshal of the Windrunners. He is the first and only member of Bridge four to reach the 4th ideal. (If you don't get this have you really read the books?)Kaladin
97%
The Horneater cook is responsible for Bridge Four's iconic stew, as well as Amaram's death. He has since left for the peaks in order to face judgement.Rock
94%
Known as "vyre" or "Traitor" Ran several assassination attempts against Elhokar, before stabbing him in the siege of Kholinar. He was gifted a set of shards after Kaladin refused his from Adolin.Moash
88%
The older man was Kaladin's first follower, the first to recognize Kaladin's surgebinding, and swore his third ideal after a crippling firemoss addiction. He was killed by Vyre's honorblade.Teft
88%
The charismatic one-armed Herdazian, Who has a spren named Rua, and calls people "Gancho". He accompanied Rysn on her expedition to Akinah. Helped hide Elhokar while the armies were fighting in NarakLopen
71%
The Listener spy, disguised as a parshman, who joined bridge four. He was mistreated for being a parshman, unitl Kal gave him a spear and his trust. Known as "shen" for awhile. Bonded a Truthwatcher spren touched by Sja-anat.Rlain
68%
The Azish man is a known worldsinger and has been one of Hoid's apprentices. He comes from a background of good schooling and is one of the only men who can read and write. He is a windrunner of the third ideal and is one of the most loyal to Kaladin.Sigzil
65%
The bondsmith's son, who joined Bridge four after seeing how much fun they were having. He is a truthwatcher, with a corrupted spren, and cannot create illusions. He wrote scratched marks on the wall declaring the end of all nations.Renarin
59%
When all of the bridgemen started Surgebinding, It took him by far the longest to start being able to use it. He was one of the bridgemen to help pull up Adolin in the battle of Narak and help in the mission on Kholinar.Skar
47%
The Lanky, Muscled, and gay member who helped Adolin on the battle of Narak and aided in the siego of Kholinar. He was one of the bridgemen who helped to evacuate Gavinor after the Oathgate malfunctioned.Drehy
38%
The mute man is one of the only ones who cannot draw stormlight or become a surgebinder. He helps stir their stews, is known as the "Mascot?" of bridge four.Dabbid
29%
He got his name by having an "exact" map of Alethkar on his chest. He gave rock their beard-trimming supplies, and was very outgoing and bent on getting everyone talking. He was killed on a Sadeaus-Kholin cooperative bridge run.Maps
29%
The bridgeman who was hit in the leg by an arrow during a bridgerun and had to stay back for awhile. He had his legs shard-amputated by the assassin in white during his attack on the king's palance, until he gained surgebinding abilities and rehealed his wound.Hobber
24%
The baby faced vedan man was one of Kal's most loyal supporters. He was shot by a barrage of arrows by Parshendi, and Kal was unable to save him. He blamed this death on himself.Dunny
21%
Lopen's cousin, a windrunner of the third ideal. He was sent with his cousins to Akinah alongside Rysn. He prefers to use a shardhammer.Huio
15%
Almost died due to arrows before Kal last minute saved him, and healed him with knobweed sap. He was present in many encounters such as the tower, Thaylen field, and Ishar's meeting. He flew off to Akinah before falling in the ocean and needing rescue.Leyten
15%
Originally hostile towards Kal, but has some artistic ability, as he painted their carapace armor. Died in the battle of the tower.Earless Jaks
12%
paired with his brother to protect Elhokar, and helped tend to Dalinar and Adolin's wounds after the assassin's attack. Wept over his dead brother at the hands of Szeth during the battle of Narak.Eth
9%
A bridgeman who is usually quiet and has bonded his own spren. He showed a liking to the barmaid when the bridgemen were getting drinks often.Peet
9%
He was the last to trust Kaladin, but one of the first to draw in stormlight after an injury from Szeth. He doesn't talk often.Bisig
6%
Paired with his brother to protect Elhokar, died by Szeth while trying to protect Dalinar.Mart
6%
A bridgeman who took part in the deathline - and as a result got barraged by arrows. Kal couldn't find his body.Adis
3%
Was originally from Bavland, and listened to Took, the man who had Szeth's oathstone during an interlude, and tested szeth's loyalty. He was counted as a casualty in one of Kaladin's bridgeruns.Amark
3%
Very Hesitant to have faith in Kaladin. He created a fire during one of Kal's medical performances, and died in the battle of the towerNarm
3%
Died fighting Szeth in Narak.Pedin
3%
Not much is known. He yelled at Kal after his recovery during the highstorm, and is scared of heights.Torfin
3%
An Alethi that took an arrow through the arm during a bridge run. He was one of three bridgemen to be instructed by Zahel to fight with Shardblades. He is known to be reliable, and loyal.Yake
3%
Was killed on a Sadeaus/Kholin Bridgerun, and Kal couldn't save him.Arik
0%
sent by Kal to guard Elhokar, and was ran through by Szeth's honorblade at the palace.Beld
0%
Was a bridgeman who was part of the "deathline" where you are in the front of the bridge. Died by parsheni arrows, and was left for dead.Corl
0%
Took an arrow straight through him on a bridge run, and was unable to be saved by Kaladin. He uttered a death rattle before he passed.Gadol
0%
A bridgeman that died on his first run after Kaladin took chargeKoolf
0%
A bridgeman who was present for a few bridge runs. He was found dead after Kaladin went searching for casualties. His body wasn't recovered.Koorm
0%
A bridgeman who took a lethal axe wound to the arm during the battle of tower - and died of blood lossMalop
0%
A spindly man who got shot 5 times by arrows, then fell into a chasm.Murk
0%
Told Kal about when Elhokar almost fell out of a balcony, and helped Kaladin originally accuse "the vyre". One of the first men to trust Rlain.Natam
0%
one of the Lopen's cousins that joined after they were relocated to Dalinar's camp. He had a hard time carrying their bridge after they sought him out to try. He died in the battle of Narak by parshendi.Rod
0%

Score Distribution

Percentile by Number Answered

Percent of People with Each Score

Your Score History

You have not taken this quiz